<?xml version="1.0" encoding="UTF-8"?>
<collection xmlns="http://www.loc.gov/MARC21/slim">
 <record>
  <leader>01315nam a22002057a 4500</leader>
  <controlfield tag="001">NCT_4_007376</controlfield>
  <controlfield tag="008">240507b        xxu||||| |||| 00| 0 vie d</controlfield>
  <datafield tag="999" ind1=" " ind2=" ">
   <subfield code="c">8273</subfield>
   <subfield code="d">8273</subfield>
  </datafield>
  <datafield tag="020" ind1=" " ind2=" ">
   <subfield code="a">9786046849568</subfield>
   <subfield code="c">140000</subfield>
  </datafield>
  <datafield tag="082" ind1="0" ind2="4">
   <subfield code="2">23rd ed.</subfield>
   <subfield code="a">959.779</subfield>
   <subfield code="b">H307</subfield>
  </datafield>
  <datafield tag="100" ind1="1" ind2=" ">
   <subfield code="a">Nguyễn Đức Hiệp</subfield>
  </datafield>
  <datafield tag="245" ind1="1" ind2="0">
   <subfield code="a">Sài Gòn Chợ Lớn</subfield>
   <subfield code="b">Qua những tư liệu quý trước 1945</subfield>
   <subfield code="c">Nguyễn Đức Hiệp</subfield>
  </datafield>
  <datafield tag="250" ind1=" " ind2=" ">
   <subfield code="a">Tái bản lần thứ 1</subfield>
  </datafield>
  <datafield tag="260" ind1=" " ind2=" ">
   <subfield code="a">TP. Hồ Chí Minh</subfield>
   <subfield code="b">Văn hóa - Văn nghệ</subfield>
   <subfield code="c">2018</subfield>
  </datafield>
  <datafield tag="300" ind1=" " ind2=" ">
   <subfield code="a">321tr.</subfield>
   <subfield code="b">minh họa</subfield>
   <subfield code="c">24 cm</subfield>
  </datafield>
  <datafield tag="520" ind1="3" ind2=" ">
   <subfield code="a">Trong lịch sử hình thành và phát triển vùng đất Nam bộ, Sài Gòn - Thành phố Hồ Chí Minh không những là trung tâm về địa lý với vị trí tiếp giáp giữa hai khu vực Đông Nam bộ và Tây Nam bộ mà còn là một đô thị trung tâm trong các mối quan hệ kinh tế, văn hóa ở phía Nam và cả nước.</subfield>
  </datafield>
  <datafield tag="653" ind1=" " ind2=" ">
   <subfield code="a">Quản trị Dịch vụ Du lịch và Lữ hành</subfield>
  </datafield>
  <datafield tag="942" ind1=" " ind2=" ">
   <subfield code="2">ddc</subfield>
   <subfield code="c">BK</subfield>
  </datafield>
  <datafield tag="952" ind1=" " ind2=" ">
   <subfield code="0">0</subfield>
   <subfield code="1">0</subfield>
   <subfield code="2">ddc</subfield>
   <subfield code="4">0</subfield>
   <subfield code="6">959_779000000000000_H307</subfield>
   <subfield code="7">0</subfield>
   <subfield code="9">28846</subfield>
   <subfield code="a">000001</subfield>
   <subfield code="b">000001</subfield>
   <subfield code="d">2024-05-07</subfield>
   <subfield code="o">959.779 H307</subfield>
   <subfield code="p">MD.22369</subfield>
   <subfield code="r">2024-05-07</subfield>
   <subfield code="v">140000.00</subfield>
   <subfield code="w">2024-05-07</subfield>
   <subfield code="y">BK</subfield>
  </datafield>
  <datafield tag="980" ind1=" " ind2=" ">
   <subfield code="a">Thư viện Trường Đại học Nam Cần Thơ</subfield>
  </datafield>
 </record>
</collection>
